Statistiche per Capoluoghi di Regione

Clicka qui per fare il quiz!

Statistiche generali

  • Questo quiz è stato fatto 359 volte
  • Il punteggio medio è 18 su 20

Statistiche sulle risposte

RegioneCapoluogo% Corretto
LombardiaMilano
98%
PiemonteTorino
98%
Valle d'AostaAosta
97%
VenetoVenezia
97%
LiguriaGenova
95%
ToscanaFirenze
94%
Trentino-Alto AdigeTrento
94%
LazioRoma
93%
CampaniaNapoli
92%
Emilia-RomagnaBologna
91%
PugliaBari
89%
MoliseCampobasso
84%
SiciliaPalermo
84%
SardegnaCagliari
83%
UmbriaPerugia
83%
AbruzzoL'Aquila
82%
Friuli-Venezia GiuliaTrieste
81%
CalabriaCatanzaro
77%
MarcheAncona
75%
BasilicataPotenza
73%

Distribuzione punteggi

Percentile per numero di risposta

Percentuale di utenti per punteggio

I tuoi punteggi nel tempo

Non hai fatto questo quiz